<?xml version="1.0" encoding="UTF-8"?>
<record
    xmlns:xsi="http://www.w3.org/2001/XMLSchema-instance"
    xsi:schemaLocation="http://www.loc.gov/MARC21/slim http://www.loc.gov/standards/marcxml/schema/MARC21slim.xsd"
    xmlns="http://www.loc.gov/MARC21/slim">

  <leader>01616nam a2200289 a 4500</leader>
  <controlfield tag="001">ASIN1592536204</controlfield>
  <controlfield tag="003">OSt</controlfield>
  <controlfield tag="005">20180116192417.0</controlfield>
  <controlfield tag="008">130726s2010    xxu                 eng d</controlfield>
  <datafield tag="020" ind1=" " ind2=" ">
    <subfield code="a">1592536204 (library binding)</subfield>
    <subfield code="c">$30.00</subfield>
  </datafield>
  <datafield tag="020" ind1=" " ind2=" ">
    <subfield code="a">9781592536207</subfield>
  </datafield>
  <datafield tag="020" ind1=" " ind2=" ">
    <subfield code="a">9781592536207 (library binding)</subfield>
  </datafield>
  <datafield tag="040" ind1=" " ind2=" ">
    <subfield code="c">00</subfield>
  </datafield>
  <datafield tag="082" ind1=" " ind2=" ">
    <subfield code="a">745.4</subfield>
  </datafield>
  <datafield tag="100" ind1="1" ind2=" ">
    <subfield code="a">Friedenberg, Jay.</subfield>
    <subfield code="9">6751</subfield>
  </datafield>
  <datafield tag="245" ind1="1" ind2="0">
    <subfield code="a">1001 symmetrical patterns :</subfield>
    <subfield code="b">a complete resource of pattern designs created by evolving symmetrical shapes /</subfield>
    <subfield code="c">Jay Friedenberg and Jacob Roesch.</subfield>
  </datafield>
  <datafield tag="250" ind1=" " ind2=" ">
    <subfield code="a">Pap/Cdr ed.</subfield>
  </datafield>
  <datafield tag="260" ind1=" " ind2=" ">
    <subfield code="a">Beverly :</subfield>
    <subfield code="b">Rockport Publishers,</subfield>
    <subfield code="c">2010.</subfield>
  </datafield>
  <datafield tag="300" ind1=" " ind2=" ">
    <subfield code="a">208 p. ;</subfield>
    <subfield code="c">23 cm.</subfield>
  </datafield>
  <datafield tag="520" ind1=" " ind2=" ">
    <subfield code="a">Artists, graphic designers, and craftspeople are always looking for new sources of inspiration and new ideas to incorporate into their work. This book is an extensive print and electronic library of symmetrical patterns in changing arrangements and colorways, inspired by traditional iconic motifs found in various cultures throughout history. The patterns are suited to many applications, including quilt, tile, fabric, jewelry, architectural, product, website, and graphic design. The enclosed CD-ROM allows the reader to reproduce, resize, or otherwise modify all of the designs for his or her own purposes.</subfield>
  </datafield>
  <datafield tag="650" ind1=" " ind2=" ">
    <subfield code="a">Repetitive patterns (Decorative arts)</subfield>
    <subfield code="9">6752</subfield>
  </datafield>
  <datafield tag="650" ind1=" " ind2=" ">
    <subfield code="a">Symmetry (Art)</subfield>
    <subfield code="9">6753</subfield>
  </datafield>
  <datafield tag="700" ind1="1" ind2=" ">
    <subfield code="a">Roesch, Jacob.</subfield>
    <subfield code="9">6754</subfield>
  </datafield>
  <datafield tag="856" ind1="4" ind2="0">
    <subfield code="3">Amazon.com</subfield>
    <subfield code="u">http://www.amazon.com/exec/obidos/ASIN/1592536204/chopaconline-20</subfield>
  </datafield>
  <datafield tag="942" ind1=" " ind2=" ">
    <subfield code="2">ddc</subfield>
    <subfield code="c">BK</subfield>
  </datafield>
  <datafield tag="999" ind1=" " ind2=" ">
    <subfield code="c">353751</subfield>
    <subfield code="d">353751</subfield>
  </datafield>
  <datafield tag="952" ind1=" " ind2=" ">
    <subfield code="0">0</subfield>
    <subfield code="1">0</subfield>
    <subfield code="2">ddc</subfield>
    <subfield code="4">0</subfield>
    <subfield code="7">0</subfield>
    <subfield code="a">SADA</subfield>
    <subfield code="b">SADA</subfield>
    <subfield code="d">2013-06-20</subfield>
    <subfield code="l">0</subfield>
    <subfield code="o">745.4 FRI 2010</subfield>
    <subfield code="p">SADA0002021</subfield>
    <subfield code="r">2017-01-05</subfield>
    <subfield code="v">2589.52</subfield>
    <subfield code="w">2017-01-05</subfield>
    <subfield code="y">BK</subfield>
  </datafield>
  <datafield tag="952" ind1=" " ind2=" ">
    <subfield code="0">0</subfield>
    <subfield code="1">0</subfield>
    <subfield code="2">ddc</subfield>
    <subfield code="4">0</subfield>
    <subfield code="7">0</subfield>
    <subfield code="a">SADA</subfield>
    <subfield code="b">SADA</subfield>
    <subfield code="d">2015-05-06</subfield>
    <subfield code="l">0</subfield>
    <subfield code="o">CD 745.4 FRI 2010</subfield>
    <subfield code="p">SADA0002470</subfield>
    <subfield code="r">2017-01-05</subfield>
    <subfield code="t">01</subfield>
    <subfield code="w">2017-01-05</subfield>
    <subfield code="y">CDS</subfield>
  </datafield>
</record>
